Sports Quiz

Random Sports or Spanish Quiz

All Teams in La Liga History Quiz Stats

 Plays Quiz Updated Jul 15, 2019

Score 0/63 Timer 10:00
23 Plays Today
Team % Correct
FC Barcelona
98%
Real Madrid CF
96.7%
Atletico Madrid
89%
Valencia CF
87.3%
Sevilla FC
84.5%
Athletic Bilbao
83.5%
Real Betis
76.8%
Deportivo de la Coruna
74.5%
RCD Espanyol
73.3%
Real Sociedad
73.1%
Málaga CF
71.5%
CD Málaga
71.5%
Villarreal CF
70.1%
Celta de Vigo
66.7%
Getafe CF
66.4%
RCD Mallorca
65.1%
Real Zaragoza
60.4%
UD Las Palmas
59.8%
Girona FC
59.8%
Levante UD
59.6%
Sporting de Gijón
56.6%
SD Eibar
56%
Rayo Vallecano
55.5%
CA Osasuna
55.2%
Real Valladolid
54.7%
SD Huesca
54.3%
Granada CF
53.7%
Deportivo Alavés
53.1%
CD Tenerife
52.8%
Racing de Santander
51.1%
CD Leganés
50.8%
Real Oviedo
44.4%
Team % Correct
Elche CF
43.2%
UD Almería
42.4%
AD Almeria
42.1%
Cádiz CF
41.3%
Córdoba CF
39.8%
Real Murcia
39.7%
Albacete Balompie
35.3%
Hércules CF
35.1%
CD Numancia
35%
Recreativo de Huelva
34.6%
Gimnastic de Tarragona
31.8%
Xerez CD
31.7%
UD Salamanca
28%
CF Extremadura
21.8%
Burgos
19.5%
Real Burgos CF
19.5%
SD Compostela
19.1%
Real Jaen
18%
UE Lleida
17.8%
CD Logroñés
17.2%
CD Castellon
16.9%
Real Union
16.2%
CP Merida
15.3%
Sabadell
14.4%
Cultural y Deportivo Leonesa
14%
Pontevedra CF
12.6%
Arenas Club de Getxo
10.7%
CE Europa
10%
CD Alcoyano
8.3%
Atletico Tetuan
7.5%
CD Condal
5.8%

You're not logged in!

Compare scores with friends on all Sporcle quizzes.
OR
Log In

Sporcle TV

Today on Sporcle TV


Watch our educational content, quiz creation guides, and fun videos on Sporcle TV.

Show Comments

Extras

Top Quizzes Today


Score Distribution

Your Account Isn't Verified!

In order to create a playlist on Sporcle, you need to verify the email address you used during registration. Go to your Sporcle Settings to finish the process.

Report this User

Report this user for behavior that violates our Community Guidelines.

Details: